Music Quiz

Random Music or Bands Quiz

British Invasion Quiz Stats

 Plays Quiz Updated Mar 29, 2019

Score 0/30 Timer 06:00
1 Play Today
Songs Band/Artist % Correct
I Feel Fine / All My LovingThe Beatles
93.8%
The Last Time / As Tears Go ByThe Rolling Stones
72.9%
Anyway Anyhow Anywhere / SubstituteThe Who
59.3%
Till the End of the Day /
A Well Respected Man
The Kinks
52.3%
Go Now / Nights in White SatinThe Moody Blues
49.6%
I Only Want to Be with You /
Son of a Preacher Man
Dusty Springfield
48%
Downtown / I Know a PlacePetula Clark
42.9%
She's Not There / Time of the SeasonThe Zombies
42.4%
Do Wah Diddy / Quinn the EskimoManfred Mann
42.3%
To Sir With Love / ShoutLulu
38.1%
For Your Love /
Over Under Sideways Down
The Yardbirds
37.4%
Look Through Any Window / Bus StopThe Hollies
37.4%
Don't Bring Me Down / It's My LifeThe Animals
35.6%
Bits and Pieces / Glad All OverDave Clark Five
34%
Can't You Hear My Heartbeat / SilhouettesHerman's Hermits
33.5%
Songs Band/Artist % Correct
Ferry Cross the Mersey /
How Do You Do It
Gerry and the Pacemakers
33.4%
Gloria / Here Comes the NightThem
33%
Gimme Some Lovin' / I'm a ManSpencer Davis Group
32.2%
Itchycoo Park / All or NothingThe Small Faces
27.8%
To Love Somebody / WordsThe Bee Gees
27.4%
Atlantis / Universal SoldierDonovan
25.5%
Do the Freddie / I'm Telling You NowFreddie and the Dreamers
21.9%
World Without Love / I Go to PiecesPeter and Gordon
19.9%
Needles & Pins / Love Potion #9The Searchers
18.6%
A Summer Song / Yesterday's GoneChad and Jeremy
14.5%
With a Girl Like You / I Can't Control MyselfThe Troggs
14.2%
Silence Is Golden / Here Comes My BabyThe Tremeloes
14%
Hippy Hippy Shake /
Good Golly Miss Molly
The Swinging Blue Jeans
9.9%
Little Children / Planes & Boats & TrainsBilly J. Kramer and the Dakotas
9.5%
Everyone's Gone to the Moon / Loop di LoveJonathan King
6.7%

You're not logged in!

Compare scores with friends on all Sporcle quizzes.
OR
Log In

Sporcle TV

Today on Sporcle TV


Watch our educational content, quiz creation guides, and fun videos on Sporcle TV.

Show Comments

Extras

Top Quizzes Today


Score Distribution

Your Account Isn't Verified!

In order to create a playlist on Sporcle, you need to verify the email address you used during registration. Go to your Sporcle Settings to finish the process.

Report this User

Report this user for behavior that violates our Community Guidelines.

Details: